Democratic Candidates for President and Vice President - Statistics

General Stats
  • This quiz has been taken 27 times
  • The average score is 64 of 99
Answer Stats
Election Candidate % Correct
2008 Barack Obama
100%
2012 Barack Obama
100%
1992 Bill Clinton
100%
1996 Bill Clinton
100%
2016 Hillary Clinton
100%
2020 Joe Biden
100%
2008 Joe Biden
100%
2012 Joe Biden
100%
2024 Kamala Harris
100%
2020 Kamala Harris
100%
2000 Al Gore
96%
1992 Al Gore
96%
1996 Al Gore
96%
1976 Jimmy Carter
96%
1980 Jimmy Carter
96%
1960 John F. Kennedy
96%
1964 Lyndon B. Johnson
96%
1960 Lyndon B. Johnson
96%
1932 Franklin D. Roosevelt
92%
1936 Franklin D. Roosevelt
92%
1940 Franklin D. Roosevelt
92%
1944 Franklin D. Roosevelt
92%
1920 Franklin D. Roosevelt
92%
2004 John Kerry
92%
2024 Tim Walz
88%
1984 Walter Mondale
88%
1976 Walter Mondale
88%
1980 Walter Mondale
88%
1828 Andrew Jackson
84%
1832 Andrew Jackson
84%
1972 George McGovern
84%
1860 Herschel V. Johnson
84%
1836 Richard Mentor Johnson
84%
1948 Harry S. Truman
80%
1944 Harry S. Truman
80%
1968 Hubert Humphrey
80%
1964 Hubert Humphrey
80%
1988 Michael Dukakis
80%
1912 Woodrow Wilson
80%
1916 Woodrow Wilson
80%
1928 Al Smith
76%
1884 Grover Cleveland
76%
1888 Grover Cleveland
76%
1892 Grover Cleveland
76%
1896 William Jennings Bryan
76%
1900 William Jennings Bryan
76%
1908 William Jennings Bryan
76%
1924 Charles W. Bryan
72%
2016 Tim Kaine
72%
1892 Adlai Stevenson I
68%
1900 Adlai Stevenson I
68%
1952 Adlai Stevenson II
68%
1956 Adlai Stevenson II
68%
1856 James Buchanan
68%
1836 Martin Van Buren
68%
1840 Martin Van Buren
68%
1832 Martin Van Buren
68%
1852 Franklin Pierce
64%
1940 Henry A. Wallace
64%
1844 James K. Polk
64%
2000 Joe Lieberman
64%
1984 Geraldine Ferraro
56%
1904 Henry G. Davis
56%
1924 John W. Davis
56%
1876 Samuel J. Tilden
56%
1864 George B. McClellan
52%
1920 James M. Cox
52%
2004 John Edwards
52%
1860 Stephen A. Douglas
52%
1904 Alton B. Parker
48%
1856 John C. Breckinridge
48%
1932 John Nance Garner
48%
1936 John Nance Garner
48%
1872 Horace Greeley
44%
1912 Thomas R. Marshall
44%
1916 Thomas R. Marshall
44%
1880 Winfield Scott Hancock
44%
1828 John C. Calhoun
40%
1848 Lewis Cass
40%
1972 Sargent Shriver
40%
1868 Horatio Seymour
36%
1988 Lloyd Bentsen
36%
1948 Alben W. Barkley
32%
1968 Edmund Muskie
28%
1872 Benjamin G. Brown
24%
1852 William R. King
24%
1956 Estes Kefauver
20%
1844 George M. Dallas
20%
1952 John Sparkman
20%
1876 Thomas A. Hendricks
20%
1884 Thomas A. Hendricks
20%
1928 Joseph T. Robinson
16%
1896 Arthur Sewall
12%
1908 John W. Kern
12%
1888 Allen G. Thurman
8%
1868 Francis Preston Blair Jr.
8%
1864 George H. Pendleton
8%
1880 William H. English
8%
1848 William O. Butler
8%
No matching quizzes found
Score Distribution
Percent of People with Each Score
Percentile by Number Answered
Your Score History
You have not taken this quiz